UCL 2024/25 Table - Statistics

General Stats
  • This quiz has been taken 91 times
  • The average score is 18 of 36
Answer Stats
Ranking Answer % Correct
11 Real Madrid
94%
3 Arsenal
92%
1 Liverpool
91%
2 Barcelona
90%
22 Manchester City
90%
15 PSG
90%
12 Bayern
85%
4 Inter Milan
81%
5 Atlético Madrid
76%
10 Borussia Dortmund
76%
8 Aston Villa
74%
13 AC Milan
72%
20 Juventus
68%
16 Benfica
65%
23 Sporting
64%
6 Leverkusen
59%
14 PSV
56%
17 Monaco
55%
9 Atalanta
50%
24 Club Brugge
42%
19 Feyenoord
40%
18 Brest
36%
33 Girona
36%
21 Celtic
35%
26 VfB Stuttgart
27%
7 LOSC
26%
32 RB Leipzig
23%
28 Bologna
22%
29 Red Star Belgrade
18%
25 Dinamo Zagreb
15%
34 RB Salzburg
10%
31 Sparta Praha
9%
27 Shakhtar Donetsk
8%
36 BSC Young Boys
6%
35 ŠK Slovan Bratislava
5%
30 SK Sturm Graz
5%
No matching quizzes found
Score Distribution
Percent of People with Each Score
Percentile by Number Answered
Your Score History
You have not taken this quiz